[Event "Zabrze Region-ch"]
[Site "Zabrze"]
[Date "2010.12.08"]
[Round "1.7"]
[White "Gromada, Andrzej"]
[Black "Maczioszek, Oliwer"]
[Result "1-0"]
[WhiteElo "1927"]
[BlackElo "1507"]
[PlyCount "49"]
[EventDate "2010.12.08"]
[EventType "swiss"]
[EventRounds "9"]
[EventCountry "POL"]
[SourceTitle "EXT 2023"]
[Source "ChessBase"]
[SourceDate "2022.10.05"]
[SourceVersion "1"]
[SourceVersionDate "2022.10.05"]
[SourceQuality "1"]

1. d4 d5 2. c4 c6 3. Nc3 Nf6 4. Nf3 e6 5. Bg5 dxc4 6. e4 Be7 7. Bxc4 0-0 8. 0-0 Nbd7 9. Qc2 h6 10. Bf4 b5 11. Bd3 Bb7 12. e5 Nd5 13. Nxd5 exd5 14. Rfe1 Bb4 15. Re3 Re8 16. a3 Qa5 17. Bh7+ Kh8 18. Rd1 Bf8 19. Ng5 Re7 20. Bg8 g6 21. Bxf7 Rxf7 22. Nxf7+ Kg7 23. e6 Nf6 24. Bxh6+ Kh7 25. Rh3 1-0

[Event "Zabrze Region-ch"]
[Site "Zabrze"]
[Date "2010.12.08"]
[Round "9.7"]
[White "Marini, Jan"]
[Black "Maczioszek, Oliwer"]
[Result "1-0"]
[WhiteElo "1929"]
[BlackElo "1507"]
[PlyCount "113"]
[EventDate "2010.12.08"]
[EventType "swiss"]
[EventRounds "9"]
[EventCountry "POL"]
[SourceTitle "EXT 2023"]
[Source "ChessBase"]
[SourceDate "2022.10.05"]
[SourceVersion "1"]
[SourceVersionDate "2022.10.05"]
[SourceQuality "1"]

1. d4 d5 2. c4 e6 3. Nc3 Nf6 4. Bg5 c6 5. e4 dxe4 6. Bxf6 Qxf6 7. Nxe4 Bb4+ 8. Nc3 0-0 9. Bd3 e5 10. d5 e4 11. Bxe4 Bxc3+ 12. bxc3 Qxc3+ 13. Kf1 Qxc4+ 14. Qe2 cxd5 15. Bd3 Qc3 16. Rb1 Nc6 17. Qe3 Qd4 18. Qd2 Bf5 19. Rd1 Bxd3+ 20. Qxd3 Qc4 21. Ne2 Qxa2 22. h4 Rfe8 23. Rd2 Qa1+ 24. Rd1 Qf6 25. g4 Ne5 26. Qg3 Qf3 27. Qxf3 Nxf3 28. Rxd5 Rad8 29. Rxd8 Rxd8 30. Kg2 Ne5 31. g5 Kf8 32. h5 Rd2 33. Nc3 Rc2 34. Rh3 Rd2 35. Ne4 Rd3 36. Rh1 Rb3 37. f4 Rb2+ 38. Kg3 Nc6 39. h6 Rb3+ 40. Kg4 a5 41. hxg7+ Kxg7 42. Nf6 Rb5 43. Rxh7+ Kf8 44. Rh8+ Ke7 45. Re8+ Kd6 46. f5 a4 47. g6 fxg6 48. Re6+ Kc7 49. fxg6 a3 50. g7 a2 51. g8Q a1Q 52. Qf7+ Kc8 53. Re8+ Nd8 54. Qd7+ Kb8 55. Qxd8+ Ka7 56. Qa8+ Kb6 57. Qxa1 1-0

[Event "Zabrze Region-ch"]
[Site "Zabrze"]
[Date "2010.12.08"]
[Round "8.5"]
[White "Sroka, Janusz"]
[Black "Maczioszek, Oliwer"]
[Result "1-0"]
[WhiteElo "2114"]
[BlackElo "1507"]
[PlyCount "67"]
[EventDate "2010.12.08"]
[EventType "swiss"]
[EventRounds "9"]
[EventCountry "POL"]
[SourceTitle "EXT 2023"]
[Source "ChessBase"]
[SourceDate "2022.10.05"]
[SourceVersion "1"]
[SourceVersionDate "2022.10.05"]
[SourceQuality "1"]

1. e4 c6 2. d4 d5 3. exd5 cxd5 4. Nf3 Nf6 5. Ne5 a6 6. c3 Nbd7 7. Qa4 h6 8. Bd3 Qb6 9. Nd2 e6 10. 0-0 Be7 11. Qd1 Nxe5 12. dxe5 Nd7 13. Qe2 Nc5 14. Bc2 Qc7 15. Re1 b5 16. Nf3 Bb7 17. Nd4 Nd7 18. Bd3 Bc5 19. Qh5 Bxd4 20. cxd4 Qa5 21. Qe2 Rc8 22. Bd2 Qb6 23. Qg4 g5 24. Bb4 a5 25. Bd6 b4 26. Bg6 Nf8 27. Bh5 Rc4 28. Qf3 Rh7 29. Qf6 Qd8 30. Qxd8+ Kxd8 31. Bxf8 Rxd4 32. Rad1 Rc4 33. Be2 h5 34. Bxh5 1-0